Changing minds : the art and science of changing our own and other people's minds (Record no. 70971)

000 -LEADER
fixed length control field 00498nam a22001697a 4500
003 - CONTROL NUMBER IDENTIFIER
control field NUST - PNEC
005 - DATE AND TIME OF LATEST TRANSACTION
control field 20170116181151.0
008 - FIXED-LENGTH DATA ELEMENTS--GENERAL INFORMATION
fixed length control field 151201b xxu||||| |||| 00| 0 eng d
020 ## - INTERNATIONAL STANDARD BOOK NUMBER
International Standard Book Number 1578517095
040 ## - CATALOGING SOURCE
Transcribing agency LIBRARY
082 ## - DEWEY DECIMAL CLASSIFICATION NUMBER
Classification number 153.85 GAR
100 ## - MAIN ENTRY--PERSONAL NAME
9 (RLIN) 15461
Personal name Gardner, Howard,
245 ## - TITLE STATEMENT
Title Changing minds : the art and science of changing our own and other people's minds
Statement of responsibility, etc. Gardner, Howard,
260 ## - PUBLICATION, DISTRIBUTION, ETC.
Date of publication, distribution, etc. c2006.
650 ## - SUBJECT ADDED ENTRY--TOPICAL TERM
9 (RLIN) 15462
Topical term or geographic name entry element Persuasion (Psychology)
General subdivision General
942 ## - ADDED ENTRY ELEMENTS (KOHA)
Source of classification or shelving scheme
Koha item type Book
Holdings
Withdrawn status Lost status Source of classification or shelving scheme Damaged status Not for loan Permanent Location Current Location Shelving location Date acquired Source of acquisition Total Checkouts Full call number Barcode Date last seen Date last checked out Price effective from Koha item type
          Pakistan Navy Engineering College (PNEC) Pakistan Navy Engineering College (PNEC)     Donated 2 153.85 GAR PNECLIB-032215 05/30/2016 04/21/2016   Book
© 2023 Central Library, National University of Sciences and Technology. All Rights Reserved.